| 000 | 00556ntaaa2200181 4500 | ||
|---|---|---|---|
| 003 | 01 | ||
| 005 | 20251027201144.0 | ||
| 008 | 0714s1973 ag 01 | ||
| 040 |
_aAR-BaBN _bspa _cAR-BaBN _eaacr _dRIC |
||
| 082 | _a266 Ev1e | ||
| 245 | _aLa evangelización entre las religiones tradicionales en America Latina y el Caribe: Documento de Pattaya '80. | ||
| 250 | _a1 ed. | ||
| 260 |
_as.l. : _bLausana, _c1980 |
||
| 300 |
_a35 p. ; _c21 cm. |
||
| 500 | _aReunion Lausana en Pattaya, Tailandia del 16 al 27 de junio de 1980. | ||
| 650 | _aMisiones | ||
| 942 | _cBK | ||
| 999 |
_c5803 _d5803 |
||